Pianeti del Sistema solare per Periodo di rotazione - Statistics

Statistiche generali
  • Questo quiz è stato fatto 16 volte
  • Il punteggio medio è 8 su 8
Statistiche sulle risposte
Periodo di rotazione (giorni) Pianeta % Corretto
1,02595675 Marte
100%
58,785 Mercurio
100%
243,69 Venere
100%
0,41354 Giove
93%
0,67125 Nettuno
93%
0,44401 Saturno
93%
0,99726968 Terra
87%
0,71833 Urano
87%
Nessun quiz corrispondente trovato
Distribuzione punteggi
Percentuale di utenti per punteggio
Percentile per numero di risposta
I tuoi punteggi nel tempo
Non hai fatto questo quiz